Borussia Mönchengladbach players since 2000 - Statistics

General Stats
  • This quiz has been taken 25 times
  • The average score is 85 of 225
Answer Stats
Ranking Player Positions Nationality Matches Goals Assists Periods % Correct
9 Alassane Pléa ST 209 58 43 2018-2025
100%
29 Marcus Thuram ST 111 34 22 2019-2023
100%
3 Yann Sommer GK 272 0 1 2014-2023
100%
10 Florian Neuhaus CM 190 22 24 2018-2025
91%
23 Joe Scally RB 121 2 6 2021-2025
86%
14 Juan Arango LM 155 25 49 2009-2014
86%
7 Lars Stindl AM 222 62 47 2015-2023
86%
38 Marco Reus AM 97 36 25 2009-2012
86%
2 Nico Elvedi CB 285 15 9 2015-2025
86%
5 Oscar Wendt LB 244 16 18 2011-2021
86%
1 Patrick Herrmann RW 351 47 56 2009-2024
86%
39 Ramy Bensebaini LB 95 19 7 2019-2023
86%
18 Thorgan Hazard AM, LW 147 31 35 2014-2019
86%
44 Breel Embolo ST 88 22 18 2019-2022
82%
6 Christoph Kramer DM 243 10 11 2013-2014, 2016-2024
82%
22 Denis Zakaria DM 125 11 8 2017-2022
82%
53 Mike Hanke ST 77 13 12 2010-2013
82%
11 Roel Brouwers CB 184 15 6 2007-2016
82%
20 Stefan Lainer RB 138 5 10 2019-2025
82%
34 Fabian Johnson LM 105 12 13 2014-2020
77%
8 Filip Daems LB 210 14 2 2004-2005, 2007-2014
77%
17 Håvard Nordtveit DM 152 10 9 2010-2016
77%
45 Julian Weigl DM 87 3 6 2022-2025
77%
59 Ko Itakura CB 75 6 3 2022-2025
77%
37 Luca Netz LB 98 1 14 2021-2025
77%
78 Mahmoud Dahoud CM 61 7 15 2014-2017
77%
33 Marc-André ter Stegen GK 108 0 0 2010-2014
77%
15 Matthias Ginter CB 154 11 5 2017-2022
77%
40 Dante CB 93 8 0 2008-2012
73%
32 Granit Xhaka DM 108 6 3 2012-2016
73%
12 Jonas Hofmann AM 184 40 40 2015-2023
73%
106 Jonas Omlin GK 34 0 1 2022-2025
73%
51 Manu Koné CM 79 4 3 2021-2024
73%
70 Max Kruse CF 66 23 20 2013-2015
73%
13 Raffael CF 164 57 23 2013-2020
73%
116 Tim Kleindienst ST 31 16 9 2024-2025
73%
4 Tony Jantschke RB 247 5 6 2008-2024
73%
89 Franck Honorat RW 51 7 20 2023-2025
68%
81 Igor de Camargo ST 58 14 3 2010-2013
68%
103 Luuk de Jong ST 36 6 2 2012-2014
68%
150 Michael Lang RB 17 1 0 2018-2019
68%
144 Tobias Sippel GK 19 0 0 2015-2016, 2017-2018, 2020-2022, 2024-2025
68%
90 Tomas Cvancara ST 49 6 1 2023-2025
68%
137 Valentino Lazaro RM 22 2 0 2020-2021
68%
49 Álvaro Domínguez CB 81 3 4 2012-2016
64%
84 Hannes Wolf RW 57 4 3 2020-2023
64%
35 Ibrahima Traoré LW 99 6 14 2014-2021
64%
72 Jannik Vestergaard CB 66 7 1 2016-2018
64%
25 Martin Stranzl CB 118 8 1 2010-2016
64%
56 Michael Bradley CM 76 10 4 2008-2011
64%
95 Nando Rafael ST 45 9 2 2005-2008
64%
16 Oliver Neuville ST 153 42 30 2004-2010
64%
61 Raúl Bobadilla ST 72 8 12 2009-2011, 2017-2018
64%
76 Robin Hack LW 62 14 10 2023-2025
64%
69 André Hahn RW 68 14 5 2014-2017
59%
66 Christofer Heimeroth GK 68 0 0 2006-2010, 2012-2013
59%
170 Grant-Leon Ranos ST 11 0 0 2023-2025
59%
98 Josip Drmic ST 43 7 3 2015-2019
59%
54 Karim Matmour RW 77 4 3 2008-2011
59%
87 László Bénes CM 53 1 6 2016-2022
59%
120 Lukas Ullrich LB 30 1 2 2023-2025
59%
68 Marko Marin AM 68 8 27 2006-2009
59%
172 Martin Hinteregger CB 10 0 0 2015-2016
59%
55 Marvin Friedrich CB 77 1 1 2021-2025
59%
93 Moritz Nicolas GK 46 0 0 2023-2025
59%
62 Nathan Ngoumou RW 71 8 3 2022-2025
59%
126 Philipp Sander CM 27 1 0 2024-2025
59%
47 Rob Friend ST 83 28 8 2007-2010
59%
74 Rocco Reitz CM 64 8 4 2020-2021, 2022-2025
59%
75 Andreas Christensen CB 62 5 1 2015-2017
55%
136 Fabio Chiarodia CB 23 1 0 2023-2025
55%
115 Kevin Stöger AM 31 3 4 2024-2025
55%
60 Marcell Jansen LB 73 5 7 2004-2007
55%
104 Michaël Cuisance CM 35 0 3 2017-2019
55%
110 Mohamadou Idrissou ST 33 5 2 2010-2011
55%
80 Roman Neustädter CB 59 1 1 2009-2012
55%
64 Branimir Hrgota ST 69 7 4 2012-2016
50%
86 Eugen Polanski DM 53 1 4 2004-2008
50%
197 Jan Olschowsky GK 4 0 0 2022-2023
50%
58 Julian Korb RB 76 1 2 2011-2012, 2013-2017
50%
52 Kasey Keller GK 78 0 0 2004-2007
50%
130 Maximilian Wöber CB 25 2 3 2023-2024
50%
168 Shio Fukuda ST 11 1 0 2023-2025
50%
200 Conor Noß LW 3 0 0 2021-2022
45%
156 Mikael Forssell ST 16 7 3 2002-2003
45%
132 Peniel Mlapa ST 25 3 1 2012-2014
45%
148 Vincenzo Grifo LW 17 0 4 2017-2018
45%
186 Yvandro Borges Sanches LW 6 0 1 2022-2024
45%
113 Alexander Baumjohann AM 32 3 8 2006-2009
41%
131 Jordan ST 25 5 4 2023-2024
41%
111 Jordan Beyer CB 33 0 1 2018-2022
41%
165 Nico Schulz LB 13 1 2 2015-2017
41%
159 Alexander Ring CM 14 0 0 2011-2013
36%
30 Arie van Lent ST 111 35 19 2000-2004
36%
77 Logan Bailly GK 61 0 2 2008-2011
36%
205 Mamadou Doucouré CB 2 0 0 2019-2020
36%
177 Marvin Schulz DM 8 0 1 2015-2016
36%
209 Oscar Fraulo CM 2 0 0 2022-2023
36%
181 Reece Oxford CB 7 0 0 2017-2018
36%
36 Thorben Marx DM 99 3 7 2009-2014
36%
214 Djibril Sow CM 1 0 0 2016-2017
32%
117 Marvin Compper CB 31 0 1 2005-2008
32%
173 Mathew Leckie LW 9 0 0 2011-2012
32%
145 Paul Stalteri RB 19 0 1 2008-2010
32%
31 Tobias Levels RB 110 1 6 2006-2011
32%
147 David Degen RM 18 2 1 2006-2007
27%
28 Jeff Strasser CB 113 3 1 2002-2006
27%
65 Joris Van Hout CB 69 11 4 2002-2005
27%
41 Max Eberl RB 92 0 1 2000-2004
27%
125 Michael Delura RW 28 3 2 2006-2007
27%
83 Roberto Colautti ST 57 9 4 2007-2010
27%
192 Tiago Pereira Cardoso GK 5 0 0 2024-2025
27%
71 Tobias Strobl DM 66 0 7 2016-2020
27%
157 Tomas Galasek DM 15 0 1 2008-2009
27%
122 Wesley Sonck ST 28 6 1 2004-2007
27%
166 Christian Ziege LM 13 0 1 2004-2005
23%
114 Federico Insúa AM 32 2 2 2006-2007
23%
195 Giovane Élber ST 4 0 0 2005-2006
23%
171 Jan Schlaudraff CF 10 0 0 2002-2003, 2004-2005
23%
141 Jean-Sébastien Jaurès LB 20 0 0 2008-2010
23%
158 Jörg Böhme LM 14 1 2 2004-2006
23%
88 Kahê ST 53 6 5 2005-2007
23%
190 Krisztián Lisztes AM 5 0 0 2005-2006
23%
135 Marek Heinz ST 23 1 0 2004-2006
23%
119 Soumaila Coulibaly AM 30 3 5 2007-2009
23%
67 Thomas Broich AM 68 4 9 2003-2006
23%
57 Vaclav Sverkos ST 76 17 6 2003-2007
23%
101 Alexander Voigt LB 39 0 1 2007-2009
18%
221 Andreas Spann ST 1 0 0 2002-2003
18%
194 Bekim Kastrati ST 4 0 0 2005-2006
18%
211 Bernd Meier GK 2 0 0 2000-2002
18%
96 Bernd Thijs DM 44 0 2 2004-2007
18%
112 Bo Svensson CB 32 2 0 2005-2007
18%
134 Bradley Carnell LB 24 1 2 2003-2005
18%
151 Darius Kampa GK 17 0 0 2004-2006
18%
208 Fabian Bäcker RW 2 1 0 2009-2010
18%
154 Gal Alberman DM 16 0 1 2008-2009
18%
91 Hassan El Fakiri LB 49 1 7 2005-2007
18%
26 Igor Demo CM 118 25 7 2000-2005
18%
24 Ivo Ulich CM 120 10 9 2001-2005
18%
155 Johannes van den Bergh LB 16 1 0 2006-2009
18%
124 Joonas Kolkka RW 28 2 3 2003-2004
18%
43 Jörg Stiel GK 89 0 0 2001-2004
18%
212 Joshua King ST 2 0 0 2011-2012
18%
97 Kasper Bøgelund RB 44 2 0 2005-2008
18%
188 Keanan Bennetts LM 5 0 0 2019-2020, 2021-2022
18%
142 Marcel Meeuwis DM 20 0 0 2009-2011
18%
27 Marcelo Pletsch CB 114 3 1 2000-2005
18%
146 Marcin Mieciel ST 18 2 1 2001-2002
18%
185 Michael Fink CB 6 0 0 2010-2011
18%
178 Michael Melka GK 8 0 0 2001-2005
18%
187 Mikkel Thygesen CM 5 0 0 2006-2007
18%
99 Milan Fukal CB 42 1 0 2004-2006
18%
123 Morten Skoubo ST 28 4 0 2002-2004
18%
162 Moses Lamidi ST 13 0 0 2006-2010
18%
143 Nico Van Kerckhoven LB 19 0 0 2004-2005
18%
167 Niels Oude Kamphuis DM 12 0 1 2005-2006
18%
138 Oliver Kirch DM 22 0 2 2003-2004, 2006-2007
18%
184 Pascal Ojigwe DM 7 0 0 2003-2004
18%
85 Patrick Paauwe CB 57 4 5 2007-2009
18%
19 Peer Kluge DM 141 9 14 2001-2007
18%
48 Peter Van Houdt ST 83 20 7 2000-2004
18%
213 René Schnitzler ST 1 0 0 2006-2007
18%
174 Robert Fleßers DM 9 0 1 2005-2007
18%
107 Sascha Rösler CF 34 9 5 2007-2009
18%
128 Sebastian Svärd DM 26 0 1 2006-2009
18%
149 Sharbel Touma AM 17 3 2 2007-2009
18%
50 Steffen Korell DF 80 1 1 2000-2005
18%
198 Stephan Schulz-Winge MF 4 0 0 2002-2004
18%
92 Steve Gohouri CB 46 2 2 2006-2009
18%
163 Thomas Helveg RB 13 0 0 2005-2007
18%
160 Tolga Ciğerci DM 14 0 0 2011-2013
18%
206 Torben Müsel AM 2 0 0 2019-2020, 2021-2022
18%
193 Vladimir Ivic AM 4 1 0 2004-2005
18%
73 Zé António CB 64 3 0 2005-2007
18%
129 Amin Younes LW 26 1 2 2011-2014
14%
161 Craig Moore CB 13 1 0 2004-2005
14%
222 Julio Villalba ST 1 0 0 2017-2018
14%
79 Lawrence Aidoo AM 60 7 6 2000-2004
14%
216 Mandela Egbo RB 1 0 0 2017-2018
14%
100 Marcel Ndjeng RM 39 4 14 2007-2009
14%
94 Markus Münch LB 45 7 6 2001-2003
14%
225 Matthias Zimmermann RB 1 0 0 2011-2012
14%
82 Peter Nielsen AM 58 3 4 2000-2002
14%
118 Thomas Kleine CB 30 3 0 2007-2010
14%
183 Tomislav Maric ST 7 1 0 2003-2004
14%
179 Uwe Gospodarek GK 8 0 0 2007-2009
14%
164 Bamba Anderson CB 13 0 0 2010-2011
9%
215 Ba-Muaka Simakala CF 1 0 0 2016-2017
9%
133 Benjamin Auer ST 25 3 0 2000-2002
9%
21 Bernd Korzynietz RB 127 7 14 2000-2005
9%
139 Berthil ter Avest LM 21 1 0 2000-2002
9%
182 Christian Dorda LB 7 0 0 2008-2009
9%
191 Claus Reitmaier GK 5 0 2 2003-2004
9%
175 Daniel Embers LB 9 0 0 2002-2003
9%
140 Daniel Felgenhauer RM 21 1 1 2001-2003
9%
207 Elias Kachunga ST 2 0 0 2010-2011
9%
105 Enrico Gaede DM 35 0 0 2002-2005
9%
218 Florian Mayer CB 1 0 0 2017-2018
9%
219 Frederic Löhe GK 1 0 0 2008-2009
9%
169 Jan-Ingwer Callsen-Bracker CB 11 0 0 2008-2009, 2010-2011
9%
203 Jens Bäumer CM 3 0 0 2000-2001
9%
199 Jens Wissing LB 3 0 0 2010-2011
9%
109 Lukas Rupp CM 34 0 1 2011-2014
9%
217 Marcel Benger DM 1 0 0 2017-2018
9%
127 Marcel Ketelaer LM 26 0 9 2002-2004
9%
196 Marcel Podszus ST 4 0 0 2003-2004
9%
63 Marcel Witeczek ST 71 4 4 2000-2003
9%
152 Marco Küntzel ST 16 1 2 2001-2003
9%
42 Markus Hausweiler DM 91 3 1 2000-2005
9%
121 Markus Osthoff LW 30 4 1 2000-2001
9%
189 Mehdi Ben Slimane RW 5 0 0 2000-2001
9%
180 Milan Obradovic RB 8 0 0 2003-2004
9%
223 Noah Pesch LW 1 0 0 2024-2025
9%
176 Quido Lanzaat CB 9 0 0 2000-2002
9%
202 Rubén González CB 3 0 0 2003-2004
9%
210 Sebastian Plate RB 2 0 0 2002-2003, 2004-2005
9%
153 Sebastian Schachten RB 16 0 0 2007-2008, 2010-2011
9%
201 Semir Telalovic ST 3 0 0 2022-2023
9%
46 Sladjan Asanin CB 86 6 2 2000-2004
9%
102 Stéphane Stassin AM 37 1 2 2000-2003
9%
224 Timothée Kolodziejczak CB 1 0 0 2016-2017
9%
220 Tim Rubink CB 1 0 0 2006-2007
9%
108 Uwe Kamps GK 34 0 0 2000-2001, 2003-2004
9%
204 Yuki Otsu AM 3 0 0 2011-2012
9%
No matching quizzes found
Score Distribution
Percent of People with Each Score
Percentile by Number Answered
Your Score History
You have not taken this quiz